Catholicism. A global history from the French Revolution to Pooe Francis.

I tiakina i:
Ngā taipitopito rārangi puna kōrero
Kaituhi matua: McGreevy, John T. (Author)
Hōputu: Tē mōhiotia
I whakaputaina: New York, N.Y., USA: W.W. Norton & Company, 2023.
Putanga:First edition.
Ngā marau:
Ngā Tūtohu: Tāpirihia he Tūtohu
Kāore He Tūtohu, Me noho koe te mea tuatahi ki te tūtohu i tēnei pūkete!

MARC

LEADER 00000 a2200000 4500
003 CL-VaPUC
005 20241024110410.0
008 241015t2023 ||||| |||| 00| 0 eng d
999 |c 445116  |d 445114 
020 |a 978-1-324-06604-0 
040 |c Pontificia Universidad Católica de Valparaíso 
082 7 |a 282.0903 MCG 2023  |2 23 
100 |a McGreevy, John T.  |e author  |9 892255 
245 |a Catholicism.   |b A global history from the French Revolution to Pooe Francis. 
250 |a First edition.  
260 |a New York, N.Y., USA:  |b W.W. Norton & Company,  |c 2023. 
300 |a xiv, 513 páginas.  
583 |k GC  |c 20241015 
610 |a Iglesia Católica   |x Historia  |y Epoca moderna, 1500-  |9 892302 
942 |2 ddc  |c BK 
952 |0 0  |1 0  |2 ddc  |4 0  |6 282_090300000000000_MCG_2023  |7 0  |8 A  |9 597336  |a BIBHIS  |b BIBHIS  |d 2024-10-14  |e 32  |g 20855.00  |i 5663023  |o 282.0903 MCG 2023  |p 5663023  |r 2025-01-20  |t 1  |v 20855.00  |w 2024-10-14  |y BK  |k HIS